Bol obetavý, vedel sa rozdať pre horolezca Jozefa Justa sa stal najvyšší vrch sveta osudom

Bibliographic Details
Main Author: Vranka, Milan, 1959- (Author)
Format: Article
Language:Slovak
PhysicalDescription:Fotogr.
ISSN:0139-7001
Subjects:

MARC

LEADER 00000nab a2200000 ar4500
001 vtls009356704
003 SK-MaSNL
005 20260303044635.0
008 081104c20081017xo wr|p|||||||000 b|slo
015 |a SNBRB2008/12  |2 snkbucl 
038 |a SNKBUCL 
040 |a SNKBUCL  |b slo  |c SNKBUCL  |e AACR2 
041 0 |a slo 
044 |a xo  |c SK 
080 |a 796.524.071  |2 2001 
080 |a 929 Just, Jozef  |2 2001 
100 1 |a Vranka, Milan,  |d 1959-  |4 aut  |9 147240 
245 1 0 |a Bol obetavý, vedel sa rozdať  |b pre horolezca Jozefa Justa sa stal najvyšší vrch sveta osudom  |c Milan Vranka 
300 |b Fotogr. 
600 1 7 |a Just, Jozef,  |d 1955-1988  |2 snkbucl  |9 170645 
650 0 7 |a horolezectvo  |2 snkbucl  |9 1050 
773 0 |t Šport  |g Roč. 62, č. 241 (17.10.2008), s. 38-39  |x 0139-7001 
852 |a SNK  |b KIS3GCP 
958 |a BX 
999 |c 1701034  |d 1702964